Νεοελληνική τέχνη : 20ός αιώνας ; ζωγραφική, χαρακτική, γλυπτική ; οι πολύτιμες συλλογές της Πινακοθήκης Ρόδου

Saved in:
Bibliographic Details
Main Author: Καμπουρίδης, Χάρης, 1950-
Other Authors: Λεβούνης, Γιώργος, 1959-
Format: Book
Language:Greek
Published: Αθήνα : Υπουργείο Αιγαίου, [1999].
Subjects:
Tags: Add Tag
No Tags, Be the first to tag this record!

MARC

LEADER 00000cam a2200000 i 4500
001 1/57733
008 020124s1999 gr | ||| |||| ||gre||
020 |a 9607859170 
035 |l 10000208 
040 |a GR-MY-UA  |b gre  |e aacr 
041 0 |a gre 
082 7 |a 700.9495   |2 (22) 
100 1 |a Καμπουρίδης, Χάρης,   |d 1950- 
245 1 0 |a Νεοελληνική τέχνη :   |b 20ός αιώνας ; ζωγραφική, χαρακτική, γλυπτική ; οι πολύτιμες συλλογές της Πινακοθήκης Ρόδου /   |c Χ. Καμπουρίδης, Γ. Λεβούνης 
260 |a Αθήνα :   |b Υπουργείο Αιγαίου,   |c [1999].  
300 |a 354 σ. ;   |c 24 εκ.  
610 2 0 |2 nlgaf  |a Δημοτική Πινακοθήκη Ρόδου. 
650 0 0 |a Art, Greek. 
650 0 0 |a Art, Greek  |y 20th century. 
700 1 |a Λεβούνης, Γιώργος,   |d 1959- 
852 |a INST  |b RHODES  |e 20020124  |h 700.9495 ΚΑΜ  |p 005400016736  |q 005400016736  |t BK  |y 0 
901 |a BIBL4-2002-1 
909 |a Ρ  |b 085214 
970 |a ΚΟΥΛΑΚΙΟΤΗ  |b ΛΙΤΣΑ  |z 2002/01/24